000 00727nam a2200289Ia 4500
005 20260324141030.0
008 008 260324s9999 xx 000 0 eng d
020 _a9781315700502
037 _aEBOOK
040 _aCRL
040 _beng
040 _cCRL
041 _2eng
041 _aeng
084 _qCRL
100 _aMaysing H. Yang
_91206663
245 0 _aTaiwan's Expanding Role in the International Arena: Entering the United Nations
245 0 _bEntering the United Nations
260 _bTaylor and Francis
260 _c1997
365 _a
365 _b230
856 _uhttp://www.taylorfrancis.com/books/9781315700502
942 _cEBOOK
999 _c1809332
_d1809332